|
|
|
|
| LEADER |
00000nam a22000007a 4500 |
| 005 |
20180424211953.0 |
| 007 |
cr|||| |||| |
| 008 |
180424s2017 br |||||s|||| 00||0 por d |
| 020 |
|
|
|a 978-85-8183-092-6
|
| 035 |
|
|
|a 21466
|
| 040 |
|
|
|a vLex
|
| 090 |
|
|
|c 7810
|d 7810
|
| 100 |
1 |
|
|a Fernandes Castilho, Jos ̌Roberto
|
| 245 |
1 |
1 |
|a O arquiteto e a lei
|h [Recurso electrn̤ico] :
|b elementos de Direito da Arquitetura 2017 /
|c Jos ̌Roberto Fernandes Castilho
|
| 256 |
|
|
|a Servicio en ln̕ea
|
| 260 |
|
|
|a San Pablo:
|b Pillares,
|c 2017
|
| 300 |
|
|
|a 1 recurso electrn̤ico
|
| 500 |
|
|
|a Os cursos de graduaȯ̂ em Arquitetura e Urbanismo devem ter disciplina especf̕ica acerca da regulamentaȯ̂ profissional. Desde Vitrv︢io se sabe que o arquiteto precisa conhecer as regras de Direito para prevenir demandas judiciais. O autor – professor de Direito Urbans̕tico na graduaȯ̂ em Arquitetura e Urbanismo da Faculdade de Cin̊cias e Tecnologia da Universidade Estadual Paulista (FCT/Unesp) – reuniu na presente obra diversos textos que recobrem os temas principais das relaė̳s entre Direito e Arquitetura, especialmente os direitos intelectuais, os controles e as responsabilidades profissionais, os vc̕ios projetuais e suas consequn̊cias jurd̕icas, dentre outros. Cumpre ressaltar que a presente ediȯ̂ foi totalmente revista e ampliada, com a inclusô de capt̕ulos inďitos, fruto de contn̕ua atividade docente e de pesquisa.
|
| 506 |
1 |
|
|a Disponible solo en los productos indicados
|d vLex Global
|d vLex Global (Academic Edition, excluding Law Schools)
|d vLex Global (U.S. Academic Edition, Law Schools)
|d vLex Global (U.S. Academic Edition, excluding Law Schools)
|d vLex Global (Academic Edition, Law Schools)
|
| 650 |
0 |
4 |
|a Derecho Civil
|z Brasil
|
| 650 |
0 |
4 |
|a Ciencias aplicadas
|z Brasil
|
| 650 |
0 |
4 |
|a Ingeniera̕
|z Brasil
|
| 650 |
0 |
4 |
|a Arquitectura
|z Brasil
|
| 740 |
0 |
|
|a vLex Libros (Servicio en ln̕ea)
|
| 856 |
4 |
0 |
|u http://vlex.com/source/arquiteto-e-a-lei-elementos-de-direito-da-arquitetura-2017-21466
|z Acceso restringido
|
| 942 |
|
|
|c BOOK
|
| 999 |
0 |
|
|a Civil Law
|
| 999 |
0 |
|
|a Applied Sciences
|
| 999 |
0 |
|
|a Engineering
|
| 999 |
0 |
|
|a Architecture
|